00541nam a2200205 a 4500001001300000003000900013005001700022008004100039020001000080082001600090100003000106245005000136260004000186300001000226500003500236505001000271650001800281650001700299650001900316nice12345678IN_TiNIC20260116011419.0050524s1944 hyda grm 000 0 49g  ac10000a297.09bWAQ aWaqidi, M Bin Saad Kaatib aTabqat-E-kabeer Transl. of Tabqat Ibn-e-saad. aHyderabadbOsmania Universityc1944 a354p. aincludes index and biblioraphy2 aIndex aIslam-History aIslam-Origin aImadi-Abdullah